Normal view
MARC view
- Appllied Electricity
Entry Topical Term
001 - CONTROL NUMBER
- control field: 113709
003 - CONTROL NUMBER IDENTIFIER
- control field: NUST
005 - DATE AND TIME OF LATEST TRANSACTION
- control field: 20230718125628.0
008 - FIXED-LENGTH DATA ELEMENTS
- fixed length control field: 230718|| aca||aabn | a|a d
040 ## - CATALOGING SOURCE
- Original cataloging agency: NUST
- Transcribing agency: NUST
150 ## - HEADING--TOPICAL TERM
- Topical term or geographic name entry element: Appllied Electricity
670 ## - SOURCE DATA FOUND
- Source citation: Work cat.: (NUST): Cotton, H 40193, Appllied Electricity /, 1953
